000 00321nam a2200109Ia 4500
008 220204s9999 xx 000 0 und d
082 _a159.9:336.761
_bDRE
100 _aDreman, David N
245 0 _aPsychology and the stock market: Investment strategy beyond random walk
260 _aNew York
_bAmacom
_c1977
942 _cBK
999 _c31247
_d31247